| 000 | 00554nam a2200193Ia 4500 | ||
|---|---|---|---|
| 008 | 131103s9999 xx 000 0 und d | ||
| 020 | _a706234987 | ||
| 040 | _aLoreto College | ||
| 041 | _aEnglish | ||
| 082 |
_a420.7/MAR _bLCBED/8435 |
||
| 100 | _aMartin, Nancy | ||
| 245 |
_aWriting and learning across the curriculum11-16 _cNancy Martin 7& others |
||
| 260 |
_aEngland _bWard Lock Educational _c1976 |
||
| 300 |
_a176p. _c 23cm. |
||
| 504 | _aIncludes bibliography & index | ||
| 700 | _aD'Arcy, Pat | ||
| 850 | _aLCBED/420.7/MAR | ||
| 942 | _cBK | ||
| 999 |
_c27731 _d78210 |
||